000 00602nam a22002297a 4500
003 UA-OsUOA
001 39202
007 ta
008 20060613b un ||||| |||| 00| 0 ukr d
100 _aГец А. Джин
090 _a266
_bГ45
942 _cBK
040 _aUA-OsUOA
_brus
_cUA-OsUOA
_dUA-OsUOA
245 _aНазидайте друг друга
300 _a9 6 с.
955 _a2
041 _arus
080 _a266
260 _aЛуцьк
_bХристиянське життя
_c2000
650 7 _a26 Християнська Церква загалом
_2UDC
999 _c325348
_d325348